000 00540nam a22001937a 4500
003 MPLRDC
005 20220104151340.0
008 210129b ||||| |||| 00| 0 eng d
020 _a957-33-1831-8
082 _a873.57 ROW v.4
100 _aJ.K. ROWLING
245 _a哈利.波特火盃的考验
_c彭倩文 译
250 _a初版
260 _a台湾
_b皇冠文化出版有限公司
_c2001
300 _b762
490 _a皇冠丛书: 第148种 CHOICE: 47
650 _a英国文学--长篇小说
942 _cBK
_o873.57 ROW v.4
999 _c52327
_d52317